000 00329nam a2200133Ia 4500
005 20251222143144.0
008 251222s9999||||xx |||||||||||||| ||spa||
020 _a968-24-6326-2
082 _a371.26/L87
100 _aLópez frías, Blanca Silvia
245 0 _aEvaluación del Aprendizaje:
264 _bTrillas
942 _cLIB
999 _c12434
_d12434